‘Taking Over Midnight‘ Lyrics Quiz (Gravity Falls) - Statistics

General Stats
  • This quiz has been taken 11 times
  • The average score is 84 of 103
Answer Stats
Character Lyrics % Correct
a
100%
DRESS
100%
night,
100%
ON?!?!
100%
O-OH!!
100%
O-OH,
100%
over
100%
taking
100%
Dipper Taking
100%
the
100%
The
100%
THE
100%
to
100%
all
86%
And
86%
are
86%
bore
86%
boys
86%
Stan Boys
86%
do
86%
Girls
86%
girls
86%
like
86%
my
86%
tonight
86%
tonight!
86%
We
86%
we
86%
we're
86%
ALL | Mabel We're
86%
WE'RE
86%
what
86%
care
71%
Daddy
71%
dance
71%
Don't
71%
don't
71%
face
71%
FAVORITE
71%
floor!
71%
got
71%
I've
71%
Let's
71%
OF
71%
our
71%
party
71%
say
71%
they
71%
up
71%
worry,
71%
dancing
57%
dawn
57%
DISCO!!
57%
door
57%
Dipper Friday
57%
getting
57%
gonna
57%
in
57%
just
57%
keep
57%
looking
57%
QUEENS
57%
'til
57%
way
57%
'em
43%
rollin'
43%
show
43%
No matching quizzes found
Score Distribution
Percent of People with Each Score
Percentile by Number Answered
Your Score History
You have not taken this quiz